00675nam a2200229 a 4500001001300000003000900013005001700022008004100039020002300080082001800103100002000121245004400141260003500185300000900220500003500229505001000264650002000274902000800294942000700302952011900309999001700428nice12345678IN_TiNIC20260116013731.0050524s1998 dela grp 000 0 eng  a817629X c65000a346.0134bMUK aMukherjee, Roma aWomen, Law and Free Legal Aid in India. aDelhibDeep and Deep Pubc1998 a359p aincludes index and biblioraphy2 aIndex aWomen-India-Law bSRS cBK 001040708StackRoom-aHMIbHMId2007-06-05g650.00l0o346.0134 MUKp018432r2007-06-05v650.00w2005-05-24yBK c12215d12215